Statistics for Easy knowledge multiple choice

Click here to take the quiz!

General Stats

  • This quiz has been taken 27 times
  • The average score is 32 of 45

Answer Stats

QuestionTileSelect% Correct
Capital citiesPhiladelphiaNo
100%
Capital citiesMadridYes
91%
Capital citiesMunichNo
91%
Chemical elementsOxygenYes
91%
Star Wars charactersCaptain KirkNo
87%
Tom Hanks moviesForrest GumpYes
87%
Egyptian godsIsisYes
87%
Capital citiesMonterreyNo
87%
Chemical elementsNewyorkiumNo
87%
Chemical elementsPlastelineNo
87%
Chemical elementsSilverYes
87%
Star Wars charactersSolomon GrundyNo
87%
Tom Hanks moviesApocalypse NowNo
83%
Chemical elementsFridariumNo
83%
Capital citiesHong KongNo
83%
Egyptian godsMola RamNo
83%
Egyptian godsOsirisYes
83%
Tom Hanks moviesPride and PrejudiceNo
83%
Tom Hanks moviesTerminator 2: The Judgement DayNo
83%
Tom Hanks moviesThe ShiningNo
83%
Egyptian godsTrevorNo
83%
Chemical elementsBolognineNo
78%
Egyptian godsAsterixNo
74%
Star Wars charactersJar Jar BinksYes
74%
Capital citiesPyongyangYes
74%
Tom Hanks moviesSaving Private RyanYes
74%
Tom Hanks moviesCast awayYes
70%
Star Wars charactersDaenerys TargaryenNo
70%
Star Wars charactersPadme AmidalaYes
70%
Tom Hanks moviesThe Green MileYes
70%
Egyptian godsAramisNo
65%
Capital citiesAntananarivoYes
61%
Capital citiesBratislavaYes
61%
Chemical elementsCaliforniumYes
61%
Star Wars charactersMordekaiserNo
61%
Tom Hanks moviesBIGYes
57%
Chemical elementsMendeleviumYes
57%
Egyptian godsHorusYes
52%
Chemical elementsRoentgeniumYes
39%
Capital citiesRoseauYes
39%
Star Wars charactersAayla SecuraYes
35%
Star Wars charactersUncle OwenYes
35%
Egyptian godsThothYes
30%
Egyptian godsSethYes
26%
Star Wars charactersPoggle the LesserYes
13%

Score Distribution

Percentile by Number Answered

Percent of People with Each Score

Your Score History

You have not taken this quiz